Zákon č. 7/2005 Z. z. o konkurze a reštrukturalizácii : účinný od 1. 1. 2013 = Act No. 7/2005 Coll. on Bankruptcy and Restructuring

Uloženo v:
Podrobná bibliografie
Médium: Kniha
Jazyk:slovenština
angličtina
Vydáno: Bratislava : Iura Edition, 2013
Vydání:1. vyd.
Edice:Translated legislation
Témata:
ISBN:9788080785659
On-line přístup: Získat plný text
Tagy: Přidat tag
Žádné tagy, Buďte první, kdo vytvoří štítek k tomuto záznamu!

MARC

LEADER 00000nam a2200000 4500
003 SK-BrCVT
005 20220618095807.0
006 a e l 000 0
008 130422s2013 xo e l 000 0slo#d
020 |a 9788080785659   |q (brož.) 
035 |a CVTIDW0040105 
040 |a CVTISR  |b slo  |c CVTISR  |e AACR2 
041 0 |a slo  |a eng 
044 |a xo  |c SK 
080 |a 347.736  |2 2008 
245 0 0 |a Zákon č. 7/2005 Z. z. o konkurze a reštrukturalizácii : účinný od 1. 1. 2013 =  |b Act No. 7/2005 Coll. on Bankruptcy and Restructuring 
246 0 4 |a Zákon o konkurze a reštrukturalizácii 
250 |a 1. vyd. 
260 |a Bratislava :  |b Iura Edition,  |c 2013 
300 |a 185 s. :  |b lit. ;  |c 21 cm 
490 0 |a Translated legislation 
653 1 |a konkurzné konanie 
653 1 |a reštrukturalizácia 
653 1 |a veriteľský orgán 
653 1 |a právny predpis 
655 7 |a zákony  |2 SNKPH 
760 1 |t Translated legislation 
852 |a CVTISR  |b 1 
910 |b A618316 
919 |a 978-80-8078-565-9 
959 |a 02 
974 |a katarina.repata  |f Knihy 
992 |a IZA 
999 |c 232051  |d 232051